000 00525nam a2200157Ia 4500
008 100122s9999 xx 000 0 und d
082 _b1621
_a914
100 _aगुणे पा दा
245 _aमाझा युरोपातील प्रवास
250 _a0
260 _bप्रकाशक शोधणे
_c1924
300 _a50
630 _aमाझा युरोपातील प्रवास
730 _aमाझा युरोपातील प्रवास
942 _cBOOK
999 _c396336
_d396333